[Event "GBR-ch Soanes op 106th"]
[Site "Torquay"]
[Date "2019.07.28"]
[Round "4"]
[White "Latypov, Egor"]
[Black "Fernando, Manel"]
[Result "0-1"]
[WhiteElo "1637"]
[BlackElo "1469"]
[PlyCount "86"]
[EventDate "2019.07.26"]
[EventType "swiss"]
[EventRounds "5"]
[EventCountry "ENG"]
[SourceTitle "EXT 2021"]
[Source "ChessBase"]
[SourceDate "2020.10.23"]
[SourceVersion "1"]
[SourceVersionDate "2020.10.23"]
[SourceQuality "1"]

1. d4 d5 2. c4 c6 3. Nc3 Nf6 4. cxd5 cxd5 5. Nf3 Nc6 6. Bf4 e6 7. a3 Be7 8. e3 Nh5 9. Bg3 Nxg3 10. hxg3 a6 11. Bd3 h6 12. Nh4 Qc7 13. f4 Bd7 14. Qh5 Bxh4 15. gxh4 Ne7 16. Qg4 g6 17. Qf3 Qd6 18. g4 Qb6 19. Qe2 Qd6 20. Bc2 Rc8 21. Rc1 b5 22. Kf2 b4 23. Na4 bxa3 24. bxa3 Bb5 25. Qd2 Qxa3 26. Nc5 Nc6 27. f5 gxf5 28. gxf5 Ke7 29. Rhg1 Rhg8 30. e4 e5 31. Qxh6 Nxd4 32. Bb3 Qb2+ 33. Rc2 Nxc2 34. f6+ Kd6 35. Qd2 Qd4+ 36. Qxd4 Nxd4 37. Nb7+ Kc7 38. Rxg8 Rxg8 39. Bxd5 Ne6 40. Na5 Rg6 41. Kf3 Rxf6+ 42. Kg4 Be2+ 43. Kg3 Nc5 0-1

[Event "GBR-ch Soanes op 106th"]
[Site "Torquay"]
[Date "2019.07.27"]
[Round "3"]
[White "Wilby, Robert G"]
[Black "Latypov, Egor"]
[Result "1-0"]
[WhiteElo "1757"]
[BlackElo "1637"]
[PlyCount "131"]
[EventDate "2019.07.26"]
[EventType "swiss"]
[EventRounds "5"]
[EventCountry "ENG"]
[SourceTitle "EXT 2021"]
[Source "ChessBase"]
[SourceDate "2020.10.23"]
[SourceVersion "1"]
[SourceVersionDate "2020.10.23"]
[SourceQuality "1"]

1. d4 Nf6 2. Nf3 g6 3. g3 d5 4. Bg2 Bg7 5. 0-0 0-0 6. c4 c6 7. cxd5 cxd5 8. Qb3 Nc6 9. Rd1 Na5 10. Qc3 Bf5 11. Na3 Rc8 12. Qe1 a6 13. Bd2 Nc4 14. Nxc4 Rxc4 15. Rdc1 Ne4 16. Be3 Qc7 17. Nh4 Rc8 18. Nxf5 gxf5 19. Rxc4 dxc4 20. Bxe4 fxe4 21. Rc1 Qd7 22. Qd2 b5 23. Rd1 Qd5 24. h4 h5 25. Bg5 f6 26. Be3 Kf7 27. Qa5 Rc6 28. Qd2 f5 29. Bg5 Rg6 30. Be3 Bf6 31. Kh2 Ke8 32. Qa5 Bxh4 33. Bf4 Bg5 34. Bxg5 Rxg5 35. Qxa6 f4 36. Qc8+ Kf7 37. Qh8 fxg3+ 38. fxg3 Qf5 39. Kg2 Qg4 40. Rf1+ Ke6 41. Qc8+ Kd6 42. Qxg4 Rxg4 43. Rf4 e5 44. dxe5+ Kxe5 45. e3 b4 46. Rf8 c3 47. bxc3 bxc3 48. Rc8 h4 49. Rxc3 Rxg3+ 50. Kh2 Rg7 51. Rc2 Ra7 52. Kh3 Ra3 53. Re2 Kd5 54. Kxh4 Kc4 55. Kg3 Kd3 56. Kf2 Rc3 57. Rb2 Ra3 58. Rb3+ Rxb3 59. axb3 Kc3 60. Kg3 Kxb3 61. Kf4 Kc4 62. Kxe4 Kc5 63. Ke5 Kc6 64. Ke6 Kc7 65. e4 Kc6 66. e5 1-0

[Event "London Classic U1825 op 10th"]
[Site "London"]
[Date "2018.12.16"]
[Round "5"]
[White "Latypov, Egor"]
[Black "Woods, Timothy J"]
[Result "1-0"]
[WhiteElo "1656"]
[BlackElo "1608"]
[PlyCount "49"]
[EventDate "2018.12.14"]
[EventType "swiss"]
[EventRounds "5"]
[EventCountry "ENG"]
[SourceTitle "CBM 187 Extra"]
[Source "ChessBase"]
[SourceDate "2018.11.04"]
[SourceVersion "1"]
[SourceVersionDate "2018.11.04"]
[SourceQuality "1"]

1. d4 d6 2. e4 Nf6 3. Nc3 g6 4. f4 Bg7 5. Nf3 c5 6. dxc5 Qa5 7. Bd2 Qxc5 8. Bb5+ Bd7 9. Qe2 0-0 10. Bxd7 Nbxd7 11. h3 a6 12. Qe3 Rac8 13. 0-0 b5 14. a3 e6 15. e5 dxe5 16. fxe5 Nd5 17. Nxd5 exd5 18. Qxc5 Rxc5 19. Bb4 Rxc2 20. Bxf8 Bxf8 21. b4 Bh6 22. a4 d4 23. axb5 axb5 24. Ra8+ Kg7 25. Rd8 1-0